La Contaminación Acústica en las calles Españolas (Registro nro. 162108)
[ vista simple ]
| 000 -LEADER | |
|---|---|
| fixed length control field | 00773nam a22002417a 4500 |
| 007 - PHYSICAL DESCRIPTION FIXED FIELD--GENERAL INFORMATION | |
| fixed length control field | cr|||| |||| |
| 008 - FIXED-LENGTH DATA ELEMENTS--GENERAL INFORMATION | |
| fixed length control field | 130222e2004 sp |||||s|||| 00||0 spa d |
| 020 ## - INTERNATIONAL STANDARD BOOK NUMBER | |
| International Standard Book Number | 9788484541271 |
| 035 ## - | |
| -- | 7050 |
| 040 ## - CATALOGING SOURCE | |
| Original cataloging agency | vLex |
| 090 ## - | |
| -- | 3726 |
| -- | 3726 |
| 100 10 - MAIN ENTRY--PERSONAL NAME | |
| Personal name | León Valle, Francisco Javier |
| 245 13 - TITLE STATEMENT | |
| Title | La Contaminación Acústica en las calles Españolas |
| Medium | [Recurso electrónico] |
| 256 ## - | |
| -- | Servicio en línea |
| 260 ## - PUBLICATION, DISTRIBUTION, ETC. (IMPRINT) | |
| Place of publication, distribution, etc | Alicante : |
| Name of publisher, distributor, etc | Editorial Club Universitario, |
| Date of publication, distribution, etc | 2004 |
| 300 ## - PHYSICAL DESCRIPTION | |
| Extent | 1 Recurso electrónico |
| 650 04 - SUBJECT ADDED ENTRY--TOPICAL TERM | |
| Topical term or geographic name as entry element | Derecho del medio ambiente |
| 650 04 - SUBJECT ADDED ENTRY--TOPICAL TERM | |
| Topical term or geographic name as entry element | Contaminación acústica |
| 740 ## - | |
| -- | vLex Libros (Servicio en línea) |
| 856 ## - LOCALIZACIÓN Y ACCESO ELECTRÓNICO | |
| Host name | Acceso restringido |
| Identificador Uniforme del Recurso (URI/URL) | http://www.vlex.com/source/7050 |
| 942 ## - | |
| -- | RAA |
| 999 ## - | |
| -- | 162108 |
| -- | 162108 |
No hay ítems disponibles.